1876 1073 1625 1808 1157 1527 1142 1599 1361 1268 1190 1460 1334 1205 1382 1706 1552 1462 1759 1802 1623 1137 1923 1381 2000 1079 1000 1264 1184 1020 1089 1824 1506 1818 1555 1181 1949 1945 1055 1155 1976 1245 1774 1311 1980 1524 1058 1712 1634 1829 1149 1367 1329 1970 1637 1440 1360 1589 1195 1092 1231 1244 1965 1853 1485 1787 1692 1733 1464 1406 1828 1713 1531 1321 1200 1901 1030 1721 1101 1593 1256 1221 1533 1970 1657 1097 1221 1672 1111 1478 1406 1744 1524 1431 1038 1211 1403 1243 1388 BCNSPRNW ULIB Ver.6.0+V

เปลี่ยนเป็นภาษาไทย

Change to English
 แสดงรายละเอียดบรรณานุกรม
  กลับหน้าหลัก

Brief Record : Get Marc (ISO 2709) : E-mail record : QR code < ปิดหน้าต่าง
LEADER : 00000nas 2200000uu 4500
001    13399122960
003     ULIB
008    020711sมปป. th a 000 0 tha d
022    08575215
110    กองสนับสนุนสุขภาพภาคประชาชน
245    วารสารสุขภาพภาคประชาชนภาคเหนือ(วิทยาเขตนครสวรรค์)/^cกองสนับสนุนสุขภาพภาคประชาชน
260    นครสวรรค์ :^bทิศทางการพิมพ์,^cมปป.
310    ^aรายสองเดือน
850 ^a ULIB:campus^bปีที่ 25 ฉบับที่ 4 ;ปีที่ 26 ฉบับที่ 1 ;ปีที่ 27 ฉบับที่ 4 ฉ.1 ;ปีที่ 28 ฉบับที่ 1 ฉ.1 ;ปีที่ 29 ฉบับที่ 2 ฉ.1
850 ^a ULIB^bปีที่ 29 ฉบับที่ 3 ฉ.1
945    ^p0^l0^i800705
945    ^p0^l0^i800929
945    ^p0^l0^i801469
945    ^p0^l0^i801589
945    ^p0^l0^i802002
945    ^p0^l0^i904725
999    ^aทศพร เกษรทอง
รายการนี้ยังไม่มีแท็ก
คุณยังไม่ได้ล็อกอิน คุณสามารถมีกิจกรรมร่วมกับเว็บไซต์ได้ แต่ต้องล็อกอินก่อน ::
  ล็อกอิน

รายการสื่อสารสนเทศ (วารสาร)

ดูแบบ: กล่อง รายการ
ARRIVED
ปีที่ 25 ฉบับที่ 4
สถานที่: ห้องสมุดวิทยาเขตนครสวรรค์ >วารสาร
ARRIVED
ปีที่ 26 ฉบับที่ 1
สถานที่: ห้องสมุดวิทยาเขตนครสวรรค์ >วารสาร
ARRIVED
ปีที่ 27 ฉบับที่ 4 ฉ.1
สถานที่: ห้องสมุดวิทยาเขตนครสวรรค์ >วารสาร
ARRIVED
ปีที่ 28 ฉบับที่ 1 ฉ.1
สถานที่: ห้องสมุดวิทยาเขตนครสวรรค์ >วารสาร
ARRIVED
ปีที่ 29 ฉบับที่ 2 ฉ.1
สถานที่: ห้องสมุดวิทยาเขตนครสวรรค์ >วารสาร
ARRIVED
ปีที่ 29 ฉบับที่ 3 ฉ.1
สถานที่: ห้องสมุดวิทยาเขตสวรรค์ประชารักษ์ >วารสาร

BibComment


ยังไม่เคยถูกคอมเมนท์

คอมเมนท์ทรัพยากรรายการนี้
  คอมเมนท์: วารสารสุขภาพภาคปร..


 Copyright 2026. Bcnsprnw @Library